000 00619nam a22001937a 4500
005 20251108175908.0
008 250721s2017 xx 000 0 ara d
082 1 4 _a325.1/سرخ
100 1 _aالسرخي، عناد
245 1 0 _aهجرة اليهود الروس و المجتمع الاستيطاني (1881-1995) /
264 1 _aالقدس :
_bالجندي،
_c2017.
300 _a644ص.
650 1 7 _aهجرة اليهود الى فلسطين
650 1 7 _aاسرائيل
650 1 7 _aيهود الاتحاد السوفيتي
650 1 7 _aتاريخ فلسطين
942 _2ddc
_cBK
999 _c144980
_d144980